Every Song by Jawbreaker - Statistics

General Stats
  • This quiz has been taken 11 times
  • The average score is 29 of 65
Answer Stats
Album Song % Correct
Dear You(1995) Accident Prone
100%
Dear You(1995) Fireman
100%
Unfun(1990) Want
100%
Bivouac(1992) Bivouac
89%
24 Hour Revenge Therapy(1994) Boxcar
89%
Bivouac(1992) Chesterfield King
78%
Etc.(2002) Kiss the Bottle
78%
Unfun(1990) Seethruskin
78%
24 Hour Revenge Therapy(1994) The Boat Dreams from the Hill
78%
Dear You(1995) Chemistry
67%
24 Hour Revenge Therapy(1994) Condition Oakland
67%
Dear You(1995) Jet Black
67%
24 Hour Revenge Therapy(1994) Jinx Removing
67%
Dear You(1995) Oyster
67%
Bivouac(1992) Parabola
67%
Dear You(1995) Save Your Generation
67%
Dear You(1995) Bad Scene, Everyone's Fault
56%
Bivouac(1992) Big
56%
Bivouac(1992) Donatello
56%
24 Hour Revenge Therapy(1994) Do You Still Hate Me?
56%
Unfun(1990) Fine Day
56%
Dear You(1995) I Love You So Much It's Killing Us Both
56%
Dear You(1995) Million
56%
24 Hour Revenge Therapy(1994) Outpatient
56%
Bivouac(1992) Shield Your Eyes
56%
Dear You(1995) Sluttering (May 4th)
56%
Dear You(1995) Untitled
56%
24 Hour Revenge Therapy(1994) Ashtray Monument
44%
Unfun(1990) Busy
44%
Unfun(1990) Drone
44%
Unfun(1990) Imaginary War
44%
24 Hour Revenge Therapy(1994) Indictment
44%
24 Hour Revenge Therapy(1994) In Sadding Around
44%
Etc.(2002) Peel It the Fuck Down
44%
Bivouac(1992) Tour Song
44%
Dear You(1995) Basilica
33%
Etc.(2002) Better Half
33%
Unfun(1990) Driven
33%
Unfun(1990) Incomplete
33%
Bivouac(1992) P.S. New York Is Burning
33%
Dear You(Bonus)(1995) Shirt
33%
Dear You(Bonus)(1995) Sister
33%
Bivouac(1992) Sleep
33%
24 Hour Revenge Therapy(1994) West Bay Invitational
33%
Unfun(1990) Wound
33%
24 Hour Revenge Therapy(1994) Ache
22%
Etc.(2002) Caroline
22%
Unfun(Bonus)(1990) Crane
22%
Unfun(Bonus)(1990) Eye-5
22%
Unfun(1990) Gutless
22%
Etc.(2002) Housesitter
22%
Unfun(Bonus)(1990) Lawn
22%
Bivouac(1992) Like a Secret
22%
Dear You(1995) Lurker II: Dark Son of Night
22%
Etc.(2002) Sea Foam Green
22%
Unfun(1990) Softcore
22%
Etc.(2002) Split
22%
Etc.(2002) Equalized
11%
Unfun(1990) Down
11%
Bivouac(1992) Face Down
11%
Etc.(2002) Fantastic Planet
11%
24 Hour Revenge Therapy(Bonus)(1994) First Step
11%
Dear You(Bonus)(1995) Friendly Fire
11%
24 Hour Revenge Therapy(Bonus)(1994) Friends Back East
11%
Etc.(2002) Rich
11%
No matching quizzes found
Score Distribution
Percent of People with Each Score
Percentile by Number Answered
Your Score History
You have not taken this quiz